000 00224nam a2200085Ia 4500
245 0 _aGet to know wedges
100 _a Christiansen, Jennifer New York, 2009
942 _cBK
008 210818s9999 xx 000 0 und d
999 _c428784
_d428783